| 000 | 00415 a2200157 4500 | ||
|---|---|---|---|
| 003 | OSt | ||
| 005 | 20231123104452.0 | ||
| 008 | 231123b |||||||| |||| 00| 0 eng d | ||
| 020 | _a9789356810549 | ||
| 040 | _coclc | ||
| 082 |
_a540 _bCAR/I |
||
| 245 | _aIELTS Academic 2023: Aviator / | ||
| 260 |
_bG K Publications. _c2023. |
||
| 300 | _a121p | ||
| 942 |
_2ddc _cBK _h540 _iCAR/I _k540 _mCAR/I |
||
| 999 |
_c41860 _d41860 |
||